Регионална библиотека "Любен Каравелов" - Русе

Проектиране на селскостопанските машини (Запис номер 59990)

MARC детайли
000 -Лидер
Контролно поле с фиксирана дължина 01264nam a2200313 c 4500
003 - Код на организацията, давaща контролен номер
Контролно поле BLK
005 - Дата и час на последна редакция
Контролно поле 20180420222923.0
008 - Елементи от данни с фиксирана дължина
fixed length control field 180408b bul|||||r ||||||| ||bul||
010 ## - Наследен системен номер
LC control number KNG00064118000
040 ## - Източник на каталожния запис
Идентификатор на билиотеката - собственик на записа BLK
041 ## - Код за език
Код за езика на текст/звукозапис или на отделно заглавие Български
Код за езика КДБФ Български
080 ## - УДК
Текстов определител УДК Селскостопански машини и инструменти. Селскостопанско машиностроене
УДК код - определител по УДК 631.3
УДК определител (075.8)
УДК - код + определител 631.3(075.8)
100 1# - Редна дума - Автор
Автор Георгиев, Иван Николов
Авторска отговорност първи автор
R(LIN) 289492
139 ## - Редно поле
Редна дума Георгиев, Иван Николов
Авторски знак Георгиев - Г 37
245 10 - Сведения за заглавието
Заглавие Проектиране на селскостопанските машини
Редно поле (дума) Иван Николов Георгиев.
257 ## - Страна на издаване
Страна на създаване/издаване България
260 ## - Област на издателските данни
-- Русе
Име на издателя, разпространителя и проч. ВТУ Ангел Кънчев
Година на издаване 1985
300 ## - Физическа характеристика
Страници 304 с.
Илюстрации и др. със сх., табл, диагр.
Размери/Мащаб 21 см
380 ## - Жанр
Жанр Селско стопанство
500 ## - Общи забележки
Забележка Библиогр. с. 297-298.
504 ## - Забележка за наличие на библиография и др
Забележка за наличие на библиография и под. 297-298
650 #4 - Допълнително описание по предмет – тема
Основно описание – тема или топоним Селскостопански машини и оръдия - проектиране
9 (RLIN) 277363
653 ## - Ключова дума – ненормативна
Ключова дума селскостопански машини
852 ## - Местоположение
Форматна сигнатура Цб 131448
856 4# - Електронен адрес и достъп
Електронен формат pdf - файл
Път до файла /url/
856 4# - Електронен адрес и достъп
Електронен формат pdf - файл
Път до файла /url/
942 ## - АРТИКУЛИ
Вид на библиотечния материал Книги
Скрит в OPAC Не
944 ## - СЪЗДАВАНЕ И РЕДАКЦИЯ на ЗАПИСА
Създаване/Редакция Създаване
Дата на регистрацията/редакция 13.06.2004
Служител, извършил регистрацията/редакцията Наталия_Медовщикова
944 ## - СЪЗДАВАНЕ И РЕДАКЦИЯ на ЗАПИСА
Създаване/Редакция Редакция
Дата на регистрацията/редакция 02.06.2009
Служител, извършил регистрацията/редакцията
999 ## - СИСТЕМНИ КОНТРОЛНИ НОМЕРА
Koha biblionumber 59990
Koha biblioitemnumber 59990
Наличности
Код за отписване Код за изгубен артикул Източник на класификационната схема Код за повреда Коз за рестрикции Код за отдаване Артикулен № Име на библиотеката - собственик Име на библиотеката, в която се намира в момента Статус (Текущо местоположение) Дата на вписване в системата Местоположение - отдел Цена в лева Инвентарен номер Систематично азбучна сигнатура Баркод Номер на екземпляра Цена в евро Служебна бележка Служебен тип на артикула
Изтеглен Не е изгубен Universal Decimal Classification Не е повреден без рестрикции ползва се в читалня 98395 Регионална библиотека "Любен Каравелов" Русе Регионална библиотека "Любен Каравелов" Русе Читалня 1993-01-01 Читалня 1.30 424312 Ч 631.3/Г-37И 424312 1 0.66 Дост: Pk Вид: Ф N: стар фонд Дата: 01.01.1985 Дата инв: 20.03.2017 Бележки инв: Ч2017 Книги
  Не е изгубен Universal Decimal Classification Не е повреден без рестрикции ползва се в читалня 98396 Регионална библиотека "Любен Каравелов" Русе Регионална библиотека "Любен Каравелов" Русе Хранилище 1985-01-01 Хранилище 1.30 419035 Цб 131448 900000015919 2 0.66 Дост: Pk Вид: Ф N: стар фонд Дата: 01.01.1985 Книги
Изтеглен Не е изгубен Universal Decimal Classification Не е повреден без рестрикции заемане за дома 98397 Регионална библиотека "Любен Каравелов" Русе Регионална библиотека "Любен Каравелов" Русе Заемна - подръчен фонд 1985-01-01 Заемна - подръчен фонд 1.30 424310 П 631.3/Г 37 И 424310 3 0.66 Дост: Pk Вид: Ф N: стар фонд Дата: 01.01.1985 Книги
Изтеглен Не е изгубен Universal Decimal Classification Не е повреден без рестрикции заемане за дома 98398 Регионална библиотека "Любен Каравелов" Русе Регионална библиотека "Любен Каравелов" Русе Заемна - подръчен фонд 1985-01-01 Заемна - подръчен фонд 1.30 424311 П 631.3/Г 37 И 120000424311 4 0.66 Дост: Pk Вид: Ф N: стар фонд Дата: 01.01.1985 Дата инв: 06.02.2018 Бележки инв: П2018 Книги
Vip Innovations Ltd, Rousse, Bulgaria 2025